Православие, Россия: размышление о прошлом, взгляд в будущее (Запись № 11202527)

Подробности
000 -МАРКЕР
контрольное поле 02399nam0a2200349 4500
001 - ИДЕНТИФИКАТОР ЗАПИСИ
контрольное поле RU\NLR\BIBL_A\011664875
005 - ИДЕНТИФИКАТОР ВЕРСИИ
контрольное поле 20180412124905.0
010 ## - МЕЖДУНАРОДНЫЙ СТАНДАРТНЫЙ НОМЕР КНИГИ (ISBN)
Номер (ISBN) 978-5-903957-09-5
Тираж 500
021 ## - НОМЕР ГОСУДАРСТВЕННОЙ РЕГИСТРАЦИИ
Код страны Российская Федерация
Номер КН-П-18-012919
Номер Листа государственной регистраци КН-П-18-0925
035 ## - ДРУГИЕ СИСТЕМНЫЕ НОМЕРА
Идентификатор записи (NLR Aleph) 011664875
035 ## - ДРУГИЕ СИСТЕМНЫЕ НОМЕРА
Идентификатор записи (RuMoRGB)009551881
100 ## - ДАННЫЕ ОБЩЕЙ ОБРАБОТКИ
Данные общей обработки 20180326d2012 k y0rusy50 ca
101 0# - ЯЗЫК РЕСУРСА
Язык текста, звукозаписи и т.д. русский
102 ## - СТРАНА ПУБЛИКАЦИИ ИЛИ ПРОИЗВОДСТВА
Страна публикации Российская Федерация
105 ## - ПОЛЕ КОДИРОВАННЫХ ДАННЫХ: ТЕКСТОВЫЕ МАТЕРИАЛЫ, МОНОГРАФИЧЕСКИЕ
Кодированные данные о монографическом текстовом документе a z 010zy
200 1# - ЗАГЛАВИЕ И СВЕДЕНИЯ ОБ ОТВЕТСТВЕННОСТИ
Основное заглавие Православие, Россия: размышление о прошлом, взгляд в будущее
Сведения, относящиеся к заглавию материалы научной конференции с международным участием, Красноярск, 12-14 октября 2011 г., [посвященной 150-летию Красноярской (Енисейской) епархии и проходившая в рамках XVI Красноярского краевого фестиваля духовной культуры "Покровские встречи"]
Первые сведения об ответственности Красноярская митрополия Русской Православной Церкви [и др.]
210 ## - ПУБЛИКАЦИЯ, РАСПРОСТРАНЕНИЕ И ДР.
Место издания, распространения и т.д. Красноярск
Имя издателя, распространителя и т. д. Восточная Сибирь
Дата издания, распространения и т.д. 2012
215 ## - ФИЗИЧЕСКАЯ ХАРАКТЕРИСТИКА
Специфическое обозначение материала и объем 307 с.
Размеры 21
320 ## - ПРИМЕЧАНИЯ О НАЛИЧИИ В ДОКУМЕНТЕ БИБЛИОГРАФИИ / УКАЗАТЕЛЯ
Текст примечания Библиогр. в конце ст.
601 02 - НАИМЕНОВАНИЕ ОРГАНИЗАЦИИ КАК ПРЕДМЕТ
Начальный элемент ввода Красноярская епархия
Формальный подзаголовок Съезды, совещания и т.п
Системный номер авторитетной/нормативной записи 2136664
Идентификатор авторитетной/нормативной записи RU\NLR\AUTH\661592687
686 2# - ИНДЕКСЫ ДРУГИХ КЛАССИФИКАЦИЙ
Индекс Э372.24-605.1я431
711 12 - НАИМЕНОВАНИЕ ОРГАНИЗАЦИИ - АЛЬТЕРНАТИВНАЯ ОТВЕТСТВЕННОСТЬ
Начальный элемент ввода "Православие, Россия: размышление о прошлом, взгляд в будущее", научная конференция с международным участием
Место проведения временной организации Красноярск
Дата проведения временной организации 2011
Системный номер авторитетной/нормативной записи 597047
Идентификатор авторитетной/нормативной записи RU\NLR\AUTH\880467560
711 12 - НАИМЕНОВАНИЕ ОРГАНИЗАЦИИ - АЛЬТЕРНАТИВНАЯ ОТВЕТСТВЕННОСТЬ
Начальный элемент ввода "Покровские встречи", красноярский краевой фестиваль духовной культуры
Порядковый номер временной организации и / или порядковый номер ее части 16
Дата проведения временной организации 2011
Системный номер авторитетной/нормативной записи 597054
Идентификатор авторитетной/нормативной записи RU\NLR\AUTH\880467564
712 02 - НАИМЕНОВАНИЕ ОРГАНИЗАЦИИ - ВТОРИЧНАЯ ОТВЕТСТВЕННОСТЬ
Код отношения Прочие
Начальный элемент ввода Русская православная церковь
Структурное подразделение Красноярская митрополия
Системный номер авторитетной/нормативной записи 596618
Идентификатор авторитетной/нормативной записи RU\NLR\AUTH\880467319
942 ## - ДОПОЛНИТЕЛЬНЫЕ ЭЛЕМЕНТЫ ЗАПИСИ (АБИС)
Тип экземпляра АБИС Книга
980 ## - КОЛЛЕКЦИЯ
Название коллекции НБР
980 ## - КОЛЛЕКЦИЯ
Название коллекции Национальная библиография

Нет доступных экземпляров.